Modest Mouse Songs - Statistics

General Stats
  • This quiz has been taken 187 times
  • The average score is 39 of 91
Answer Stats
Group 1 % Correct
G4 Float On
92%
G1 Dramamine
88%
G3 3rd Planet
79%
G5 Dashboard
78%
G2 Cowboy Dan
75%
G4 Ocean Breathes Salty
74%
G4 Horn Intro
73%
G2 Teeth Like God's Shoeshine
71%
G2 Truckers Atlas
71%
G4 The World at Large
69%
G2 Doin' the Cockroach
68%
G2 Trailer Trash
66%
G4 Bukowski
64%
G2 Heart Cooks Brain
62%
G1 Talking Shit About a Pretty Sunset
62%
G3 Gravity Rides Everything
61%
G6 Lampshades on Fire
59%
G4 The Good Times Are Killing Me
58%
G3 Dark Center of the Universe
57%
G3 Paper Thin Walls
57%
G2 Lounge (Closing Time)
56%
G2 Polar Opposites
56%
G1 Lounge
55%
G2 Convenient Parking
54%
G2 Styrofoam Boots / It's All Nice on Ice, Alright
54%
G5 Missed the Boat
53%
G4 Black Cadillacs
52%
G3 Tiny Cities Made of Ashes
52%
G5 Florida
51%
G2 Out of Gas
49%
G6 Strangers to Ourselves
49%
G2 Bankrupt on Selling
48%
G5 Fire It Up
48%
G3 I Came as a Rat
48%
G3 The Stars Are Projectors
48%
G2 Jesus Christ Was an Only Child
47%
G1 Custom Concern
46%
G5 March Into the Sea
46%
G2 Shit Luck
46%
G3 A Different City
45%
G1 Breakthrough
44%
G1 Beach Side Property
43%
G4 Blame It on the Tetons
43%
G5 Little Motel
42%
G4 The View
42%
G3 Life Like Weeds
41%
G3 Lives
41%
G1 Ohio
41%
G3 Alone Down There
40%
G4 Bury Me With It
39%
G4 Dance Hall
39%
G2 Long Distance Drunk
38%
G1 Make Everyone Happy / Mechanical Birds
38%
G6 Pistol (A. Cunanan, Miami, FL. 1996)
38%
G5 Spitting Venom
38%
G3 The Cold Part
38%
G6 Ansel
37%
G5 Fly Trapped in a Jar
37%
G4 Interlude (Milo)
37%
G4 One Chance
37%
G1 Might
35%
G4 Satin in a Coffin
34%
G6 Coyotes
33%
G1 Tundra / Desert
32%
G1 Space Travel Is Boring
31%
G3 Perfect Disguise
30%
G5 Parting of the Sensory
29%
G6 Shit in Your Cut
29%
G5 We've Got Everything
29%
G5 People as Places as People
28%
G5 Steam Engenius
28%
G1 Dog Paddle
26%
G5 Education
26%
G1 Head South
26%
G4 Dig Your Grave
25%
G6 The Ground Walks, With Time in a Box
24%
G1 Exit Does Not Exist
23%
G5 Invisible
23%
G6 Sugar Boats
22%
G3 What People Are Made Of
22%
G3 Wild Packs of Family Dogs
22%
G1 She Ionizes & Atomizes
20%
G6 The Best Room
20%
G6 The Tortoise and the Tourist
20%
G6 God Is an Indian and You're an Asshole
19%
G6 Pups to Dust
19%
G1 Novocain Stain
18%
G4 This Devil's Workday
17%
G6 Wicked Campaign
13%
G6 Of Course We Know
12%
G6 Be Brave
10%
No matching quizzes found
Score Distribution
Percent of People with Each Score
Percentile by Number Answered
Your Score History
You have not taken this quiz